Obras IV: reivindicaciones de Vico y otros escritos latinos
Saved in:
| Main Author: | |
|---|---|
| Format: | Book |
| Language: | Spanish |
| Published: |
Barcelona
Anthropos
2016
|
| Edition: | 1a. ed |
| Series: | Autores, Textos y Temas. Humanismo, 18
|
| Subjects: | |
| Tags: |
Add Tag
No Tags, Be the first to tag this record!
|
MARC
| LEADER | 00000cam a2200000 a 4500 | ||
|---|---|---|---|
| 001 | UCC3208 | ||
| 003 | CL-VaPUC | ||
| 008 | 180422e20160000sp |||||||||||||||||spa|d | ||
| 020 | |a 9788416421251 | ||
| 082 | 0 | 4 | |a 901 |b VIC |2 21 |
| 100 | 0 | |a Vico, Giambattista |e author |9 266513 | |
| 245 | 1 | 0 | |a Obras IV: reivindicaciones de Vico y otros escritos latinos |
| 250 | |a 1a. ed | ||
| 300 | |a 144 p | ||
| 942 | |c BK | ||
| 945 | |d 20180422 17:11:00 |a arojas | ||
| 260 | |a Barcelona |b Anthropos |c 2016 | ||
| 650 | 0 | |a Filosofía de la historia |9 265651 | |
| 650 | 0 | |a Historia de las ciencias |9 264975 | |
| 583 | |a last modification |c 20180422 17:11:00 |k Rodrigo Vera | ||
| 490 | 0 | |a Autores, Textos y Temas. Humanismo, 18 | |
| 999 | |c 371013 |d 371011 | ||
| 952 | |0 0 |1 0 |3 erb |4 0 |6 901_000000000000000_VIC_2016 |7 0 |8 A |9 487851 |a BIBEDU |b BIBEDU |i 5465818 |o 901 VIC 2016 |p 5465818 |r 2019-11-24 |w 2019-11-24 |y BK |z Catalogado en:20180422 |k FIL | ||